000 00814nam a2200277 a 4500
001 0000392
003 DO-SdBNP
005 20160513153705.0
007 0000392
008 150817s200u ac spa d
020 _a8482612026
040 _aBPMSU
_bspa
_cBPMSU
092 _a372.634
_bA452c 200u
100 1 _aAlmonte, Dorka
245 1 0 _aCaligrafía
_b[educación básica] /
_cDorka Almonte
260 _aSanto Domingo :
_bPublic Expres,
_c[200u].
300 _a62 p :
_bil.
_c28 cm.
650 _aCALIGRAFÍA
_xENSEÑANZA BÁSICA
650 _aCALIGRAFÍA
_xEDUCACIÓN PRIMARIA
650 _aEDUCACIÓN BÁSICA
_zREPÚBLICA DOMINICANA
650 _aCALIGRAFÍA
_xLIBROS DE TEXTO
650 _aCALIGRAFÍA
_xESTUDIOS Y EJERCICIOS
910 _a00144
942 _2ddc
_cBK
956 _aYngrid Lockward
_b10
999 _c10146
_d10146